| 000 | 00524nam a22001577a 4500 | ||
|---|---|---|---|
| 999 |
_c60543 _d60543 |
||
| 005 | 20230817111432.0 | ||
| 008 | 230817s1980 gw ||||| |||| 00| 0 ger d | ||
| 080 | _a902 D-18 | ||
| 100 |
_aDanov, Teofil _919683 |
||
| 245 |
_aAntike Grabmäler in Bulgarien / _cTeofil Danov, Christo Ivanov. |
||
| 264 | _c1980. | ||
| 300 |
_a30 p. : _bill.; _c30 cm. |
||
| 653 | _aუძველესი სამარხები ბულგარეთში | ||
| 700 |
_aIvanov, Christo _eავტორი _919684 |
||
| 942 |
_2udc _cBK |
||